000 00599nam a2200229Ia 4500
003 OSt
005 20220923230333.0
006 a|||||r|||| 00| 0
007 ta
008 Pun
024 _a279,556
037 _cTextual
040 _aARTS
_cARTS
_bPun
041 _2Pun
_aPun
082 _aO153,1NCHx, M0
100 _aFਾਹ ਚਮਨ
_9168988
245 0 _aਸੂਰਜ ਚੜ੍ਹਣ ਤੋ੍ਵ ਪਹਿਲਾਂ
260 _c1980
650 _aਪੰਜਾਬੀ ਸਾਹਿਤ
942 _hO153,1NCHx, M0
_cTEXL
_2CC
999 _c384059
_d384059